[Event "AUTO-OPEN-4111"]
[Site "http://www.queenalice.com/game.php?id=1624826"]
[Date "2020.8.24"]
[Round "3"]
[White "AdilsonProficio"]
[Black "CCapivara"]
[Result "1-0"]
[WhiteElo "2261"]
[BlackElo "2187"]

1. d4 d6 2. Nc3 c6 3. Nf3 Bg4 4. e4 Nd7 5. h3 Bh5 6. g4 Bg6 7. h4 h5 8. g5 e5 9.
Bh3 Qc7 10. dxe5 Nxe5 11. Bf4 Ne7 12. Nxe5 dxe5 13. Bxe5 Qd8 14. Qf3 Qa5 15. Qf4
Qb4 16. O-O-O 1-0

[Event "AUTO-OPEN-4111"]
[Site "http://www.queenalice.com/game.php?id=1624829"]
[Date "2020.8.24"]
[Round "3"]
[White "AdilsonProficio"]
[Black "ECC2020"]
[Result "1/2-1/2"]
[WhiteElo "2250"]
[BlackElo "2198"]

1. d4 e6 2. e4 d5 3. Nd2 a6 4. Bd3 c5 5. dxc5 Nf6 6. Qe2 Bxc5 7. Ngf3 Nc6 8. O-O
Nb4 9. e5 Nd7 10. c4 Nxd3 11. Qxd3 Nb6 12. a4 O-O 13. a5 Nxc4 14. Nxc4 dxc4
1/2-1/2

[Event "AUTO-OPEN-4111"]
[Site "http://www.queenalice.com/game.php?id=1624830"]
[Date "2020.8.24"]
[Round "3"]
[White "ECC2020"]
[Black "AdilsonProficio"]
[Result "1/2-1/2"]
[WhiteElo "2196"]
[BlackElo "2252"]

1. d4 e6 2. e4 d5 3. Nd2 a6 4. Ngf3 c5 5. Bd3 c4 6. Be2 b5 7. O-O Be7 8. exd5
exd5 9. a4 Bb7 10. Re1 Nf6 11. axb5 axb5 12. Rxa8 Bxa8 13. Nf1 O-O 14. Ne5
1/2-1/2

[Event "AUTO-OPEN-4133"]
[Site "http://www.queenalice.com/game.php?id=1625341"]
[Date "2020.8.29"]
[Round "3"]
[White "AdilsonProficio"]
[Black "CCapivara"]
[Result "1-0"]
[WhiteElo "2271"]
[BlackElo "2163"]

1. e4 d6 2. d4 Nf6 3. f3 c6 4. Be3 Qc7 5. c4 e5 6. d5 Be7 7. Nc3 O-O 8. Nge2
cxd5 9. cxd5 a6 10. Qd2 Nbd7 11. Ng3 b5 12. Rc1 Qd8 13. Nf5 Re8 14. a4 b4 15.
Nxe7+ Qxe7 16. Nd1 a5 17. b3 Nf8 18. Bb5 Bd7 19. Nb2 Bxb5 20. axb5 Reb8 21. b6
N8d7 22. Rc6 Ne8 23. O-O Rb7 24. Nc4 Nb8 25. Rc8 Qd7 26. Nxd6 Na6 27. Rxa8 1-0

[Event "AUTO-OPEN-4133"]
[Site "http://www.queenalice.com/game.php?id=1625342"]
[Date "2020.8.29"]
[Round "3"]
[White "CCapivara"]
[Black "AdilsonProficio"]
[Result "1/2-1/2"]
[WhiteElo "2170"]
[BlackElo "2280"]

1. e4 c5 2. Nf3 Nc6 3. d4 cxd4 4. Nxd4 Nf6 5. Nc3 e6 6. a3 d5 7. exd5 Nxd5 8.
Nxd5 Qxd5 9. Be3 Be7 10. Be2 O-O 11. Bf3 Qa5+ 12. c3 Ne5 13. O-O Nxf3+ 14. Qxf3
Rd8 15. Rad1 Qd5 16. Qxd5 Rxd5 17. Nc2 Rd7 18. Rxd7 Bxd7 19. Rd1 Ba4 20. Rd2 a5
21. Ne1 Bb5 22. f4 f6 23. Kf2 a4 24. Nc2 Rd8 25. Rxd8+ Bxd8 26. Nd4 Bd7 27. c4
h5 28. Ne2 e5 29. fxe5 fxe5 30. Ng3 g6 31. Ne4 Bc6 32. Nc3 1/2-1/2

[Event "AUTO-OPEN-4133"]
[Site "http://www.queenalice.com/game.php?id=1625343"]
[Date "2020.8.29"]
[Round "3"]
[White "AdilsonProficio"]
[Black "Taura10"]
[Result "1-0"]
[WhiteElo "2309"]
[BlackElo "2018"]

1. e4 c5 2. c3 Qa5 3. Nf3 g6 4. Na3 Nc6 5. e5 e6 6. Nb5 a6 7. Nd6+ Bxd6 8. exd6
Nf6 9. d3 O-O 10. Bh6 Re8 11. h4 Ng4 12. Qd2 Nce5 13. Nxe5 Nxe5 14. Qf4 Nxd3+
15. Bxd3 Qd8 16. h5 e5 17. Qg4 Qf6 18. hxg6 fxg6 19. Bc4+ Kh8 20. Bg5 Qf5 21.
Rxh7+ 1-0

[Event "AUTO-OPEN-4133"]
[Site "http://www.queenalice.com/game.php?id=1625344"]
[Date "2020.8.29"]
[Round "3"]
[White "Taura10"]
[Black "AdilsonProficio"]
[Result "0-1"]
[WhiteElo "2005"]
[BlackElo "2343"]

1. d4 e6 2. a3 Nf6 3. Nf3 d5 4. Bf4 c5 5. c3 Bd6 6. Ne5 Nc6 7. Nxc6 bxc6 8. Bxd6
Qxd6 9. g3 cxd4 10. Qxd4 O-O 11. Bg2 Re8 12. O-O e5 13. Qh4 Bg4 14. e3 a5 15. b4
c5 16. b5 e4 17. h3 Be2 18. Re1 Bxb5 19. Nd2 Bd3 20. Bf1 Rab8 21. Bxd3 exd3 22.
Qa4 c4 23. Qxa5 Rb2 24. Red1 Rxe3 25. Nf1 Ree2 26. Qa8+ Rb8 27. Qa7 Ne4 28. Rab1
Rf8 29. Re1 Nxc3 30. Rbc1 Qe5 31. Qa5 Rxe1 0-1

[Event "AUTO-ELITE-2269"]
[Site "http://www.queenalice.com/game.php?id=1627547"]
[Date "2020.9.19"]
[Round "1"]
[White "AdilsonProficio"]
[Black "jotu"]
[Result "0-1"]
[WhiteElo "2351"]
[BlackElo "2333"]

1. e4 c5 2. Nf3 d6 3. Bb5+ Nd7 4. O-O Nf6 5. Re1 a6 6. Bf1 b6 7. c4 Bb7 8. Nc3
e6 9. d4 cxd4 10. Nxd4 Be7 11. b3 O-O 12. Bb2 Qc7 13. Qd2 Rac8 14. g3 Rfe8 15.
Bg2 Qb8 16. Rac1 Qa8 17. h3 Bf8 18. f3 Qb8 19. Kh2 h6 20. f4 e5 21. Nc2 b5 22.
Ne3 Nc5 0-1

[Event "AUTO-ELITE-2269"]
[Site "http://www.queenalice.com/game.php?id=1627548"]
[Date "2020.9.19"]
[Round "1"]
[White "jotu"]
[Black "AdilsonProficio"]
[Result "1-0"]
[WhiteElo "2346"]
[BlackElo "2338"]

1. e4 c5 2. Nf3 e6 3. d4 cxd4 4. Nxd4 Nf6 5. Nc3 Nc6 6. Ndb5 d6 7. Bf4 e5 8. Bg5
a6 9. Na3 b5 10. Nd5 Qa5+ 11. Bd2 Qd8 12. Nxf6+ Qxf6 13. Bd3 Qg6 14. O-O Be7 15.
c4 Bg4 16. Be2 Bh3 17. Bf3 Nd4 18. Be3 Nxf3+ 19. Qxf3 Bg4 20. Qg3 Qxe4 21. cxb5
h5 22. h3 1-0

[Event "AUTO-ELITE-2269"]
[Site "http://www.queenalice.com/game.php?id=1627549"]
[Date "2020.9.19"]
[Round "1"]
[White "AdilsonProficio"]
[Black "Jarowit_1"]
[Result "0-1"]
[WhiteElo "2360"]
[BlackElo "2448"]

1. e4 c5 2. Nf3 Nc6 3. Bb5 g6 4. O-O Bg7 5. Bxc6 bxc6 6. Re1 d6 7. e5 Nh6 8.
exd6 Qxd6 9. d3 Qc7 10. Nc3 Nf5 11. Nd2 O-O 12. Nce4 Qe5 13. Nc4 Qd5 14. Rb1 Nd4
15. b3 Ne6 16. Qd2 f5 17. Nc3 Qd8 18. Bb2 f4 19. Ne4 Nd4 20. f3 Qd5 21. c3 Ne6
22. Re2 Rb8 23. Rbe1 Rb7 24. Nf2 Ng5 25. Qd1 Bf6 26. Re5 Qd8 27. Rxc5 Rb5 28.
Rxc6 Bb7 29. Rxf6 Rxf6 30. a4 Rd5 0-1

[Event "AUTO-ELITE-2269"]
[Site "http://www.queenalice.com/game.php?id=1627550"]
[Date "2020.9.19"]
[Round "1"]
[White "Jarowit_1"]
[Black "AdilsonProficio"]
[Result "0-1"]
[WhiteElo "2449"]
[BlackElo "2345"]

1. g4 d5 2. Bg2 Bxg4 3. c4 c6 4. Qb3 e6 5. cxd5 exd5 6. Qxb7 Nd7 7. Nc3 Rc8 8.
d4 Bd6 9. h3 Be6 10. Qxa7 Ra8 11. Qb7 Ne7 12. Qb3 O-O 13. Nf3 h6 14. O-O Qc8 15.
Na4 Rb8 16. Qc3 Nf6 17. Ne5 Ne4 18. Qd3 f6 19. Nc4 Bc7 20. Ne3 Ng6 21. Bxe4 dxe4
22. Qxe4 f5 23. Qc2 f4 24. Ng2 Rf5 25. e3 f3 0-1

[Event "AUTO-MASTER-2993"]
[Site "http://www.queenalice.com/game.php?id=1627576"]
[Date "2020.9.20"]
[Round "1"]
[White "AdilsonProficio"]
[Black "cerenzo72"]
[Result "0-1"]
[WhiteElo "2308"]
[BlackElo "2148"]

1. d4 Nf6 2. c4 d6 3. Nc3 Bf5 4. Nf3 e6 5. Nh4 Be7 6. Nxf5 exf5 7. Bf4 Nbd7 8.
Qc2 g6 9. h3 Nh5 10. Bh2 O-O 11. g4 Ng7 12. Rg1 Ne6 13. O-O-O f4 14. d5 Nec5 15.
Bxf4 Nb6 16. e3 Bf6 17. g5 Bg7 18. h4 Qd7 19. b3 a5 20. h5 gxh5 0-1

[Event "AUTO-MASTER-2993"]
[Site "http://www.queenalice.com/game.php?id=1627577"]
[Date "2020.9.20"]
[Round "1"]
[White "cerenzo72"]
[Black "AdilsonProficio"]
[Result "1-0"]
[WhiteElo "2115"]
[BlackElo "2326"]

1. e4 c5 2. Nf3 e6 3. Nc3 a6 4. g3 Nc6 5. Bg2 Nf6 6. O-O Be7 7. e5 Ng4 8. Re1
Qc7 9. Qe2 f6 10. exf6 Nxf6 11. d3 O-O 12. Bf4 d6 13. Ng5 Nd4 14. Qd2 h6 15. Nf3
Nh5 16. Nxd4 cxd4 17. Ne2 g5 18. Bxg5 Bxg5 19. f4 Bf6 20. f5 Bg5 21. Qd1 1-0

[Event "AUTO-MASTER-2993"]
[Site "http://www.queenalice.com/game.php?id=1627578"]
[Date "2020.9.20"]
[Round "1"]
[White "AdilsonProficio"]
[Black "betofortaleza"]
[Result "1-0"]
[WhiteElo "2298"]
[BlackElo "1861"]

1. d4 d5 2. c4 dxc4 3. e3 b5 4. a4 c6 5. axb5 cxb5 6. Qf3 e6 7. Qxa8 Bd7 8. Qxa7
Bd6 9. Qa2 Nf6 10. b3 O-O 11. bxc4 Bb4+ 12. Bd2 Qe7 13. cxb5 Ne4 14. Nf3 Nxd2
15. Nbxd2 Rc8 16. Be2 Bxd2+ 17. Qxd2 f6 18. O-O Be8 19. Rfc1 Rd8 20. Qa5 Nd7 21.
b6 Rb8 22. Rc7 Qd6 23. b7 Nb6 24. Rac1 Bd7 25. Qa7 1-0

[Event "AUTO-MASTER-2993"]
[Site "http://www.queenalice.com/game.php?id=1627579"]
[Date "2020.9.20"]
[Round "1"]
[White "betofortaleza"]
[Black "AdilsonProficio"]
[Result "0-1"]
[WhiteElo "1911"]
[BlackElo "2297"]

1. e4 c5 2. Bc4 e6 3. d3 Nc6 4. Nf3 d5 5. exd5 exd5 6. Bb5 Bd6 7. Ng5 Qe7+ 8.
Kf1 h6 9. Nf3 Nf6 10. Nc3 O-O 11. d4 Re8 12. Bxh6 gxh6 13. Qd2 cxd4 14. Nxd4 Bc5
15. Nxc6 bxc6 16. Bxc6 Ba6+ 17. Bb5 Bxb5+ 18. Nxb5 Ne4 19. Qe2 Ng3+ 0-1

[Event "AUTO-MASTER-2993"]
[Site "http://www.queenalice.com/game.php?id=1627580"]
[Date "2020.9.20"]
[Round "1"]
[White "AdilsonProficio"]
[Black "karlus"]
[Result "0-1"]
[WhiteElo "2277"]
[BlackElo "2232"]

1. d4 d5 2. c4 e6 3. cxd5 exd5 4. Bf4 Nf6 5. e3 Bd6 6. Bxd6 Qxd6 7. Bd3 O-O 8.
Nc3 c6 9. h3 Re8 10. Nf3 Nbd7 11. O-O Ne4 12. Qc2 f5 13. Rac1 Kh8 14. Ne2 Qf6
15. b4 g5 0-1

[Event "AUTO-MASTER-2993"]
[Site "http://www.queenalice.com/game.php?id=1627581"]
[Date "2020.9.20"]
[Round "1"]
[White "karlus"]
[Black "AdilsonProficio"]
[Result "1-0"]
[WhiteElo "2218"]
[BlackElo "2291"]

1. e4 c5 2. Nf3 Nc6 3. d4 cxd4 4. Nxd4 Nf6 5. Nc3 d6 6. Bg5 a6 7. Qd2 e6 8.
O-O-O Bd7 9. Nb3 h6 10. Be3 b5 11. a3 Be7 12. h3 b4 13. axb4 Nxb4 14. f4 a5 15.
g4 a4 16. Na1 1-0